Most Populous Philadelphia Suburbs in Pennsylvania Quiz Stats

 Plays Quiz not verified by Sporcle

Support Sporcle.
Go Orange.
Score 0/15 Timer 05:00
0 Plays Today
% Correct
Lower Merion
81.7%
Upper Darby
76.7%
Haverford
73.3%
Levittown
71.7%
Chester
66.7%
Bristol
65%
Norristown
55%
Cheltenham
51.7%
% Correct
Radnor
51.7%
Bensalem
48.3%
Warminster
46.7%
Upper Merion
46.7%
Abington
41.7%
Lower Makefield
26.7%
Tredyffrin
25%

You're not logged in!

Compare scores with friends on all Sporcle quizzes.
OR
Log In

From the Vault

History Books: The Subtitles II

by MoMosMoProblems

You know what they say, those who do not learn subtitles are doomed to repeat them...or something like that.
Remove Ads.
Support Sporcle.
Get the best of Sporcle when you Go Orange. This ad-free experience offers more features, more stats, and more fun while also helping to support Sporcle. Thank you for becoming a member.

Show Comments

Extras

Created Feb 5, 2018ReportNominate
Tags:Pennsylvania, Philly, suburb, USA

Top Quizzes Today


Score Distribution

Your Account Isn't Verified!

In order to create a playlist on Sporcle, you need to verify the email address you used during registration. Go to your Sporcle Settings to finish the process.

Report this User

Report this user for behavior that violates our Community Guidelines.

Details: